<?xml version="1.0" encoding="UTF-8"?>
<record
    xmlns:xsi="http://www.w3.org/2001/XMLSchema-instance"
    xsi:schemaLocation="http://www.loc.gov/MARC21/slim http://www.loc.gov/standards/marcxml/schema/MARC21slim.xsd"
    xmlns="http://www.loc.gov/MARC21/slim">

  <leader>003670000a22001570004500</leader>
  <datafield tag="020" ind1=" " ind2=" ">
    <subfield code="a">1665-921X</subfield>
  </datafield>
  <datafield tag="082" ind1="0" ind2="4">
    <subfield code="a">Ar87k</subfield>
  </datafield>
  <datafield tag="100" ind1="1" ind2=" ">
    <subfield code="a">Ar&#xE9;valo Ruiz, Giobany</subfield>
  </datafield>
  <datafield tag="245" ind1="1" ind2="0">
    <subfield code="a">National geographic : Kids / Giobany Ar&#xE9;valo Ruiz</subfield>
  </datafield>
  <datafield tag="260" ind1=" " ind2=" ">
    <subfield code="a">Mexico : Televisa</subfield>
  </datafield>
  <datafield tag="300" ind1=" " ind2=" ">
    <subfield code="a">40 P.</subfield>
  </datafield>
  <datafield tag="440" ind1=" " ind2="0">
    <subfield code="a">National geographic</subfield>
  </datafield>
  <datafield tag="650" ind1="1" ind2="4">
    <subfield code="a">Enciclopedia</subfield>
  </datafield>
  <controlfield tag="001">2160</controlfield>
  <datafield tag="942" ind1=" " ind2=" ">
    <subfield code="c">LGB</subfield>
  </datafield>
  <datafield tag="952" ind1=" " ind2=" ">
    <subfield code="0">0</subfield>
    <subfield code="1">0</subfield>
    <subfield code="3">0</subfield>
    <subfield code="4">0</subfield>
    <subfield code="7">0</subfield>
    <subfield code="a">BINCO</subfield>
    <subfield code="b">BINCO</subfield>
    <subfield code="d">2010-09-20</subfield>
    <subfield code="l">0</subfield>
    <subfield code="o">Ar87k </subfield>
    <subfield code="p">B32817</subfield>
    <subfield code="r">2016-11-24 00:00:00</subfield>
    <subfield code="t">1</subfield>
    <subfield code="w">2016-01-26</subfield>
    <subfield code="y">LGB</subfield>
    <subfield code="B">0</subfield>
    <subfield code="C">3</subfield>
  </datafield>
  <datafield tag="999" ind1=" " ind2=" ">
    <subfield code="c">49306</subfield>
    <subfield code="d">49306</subfield>
  </datafield>
</record>
